00386nam a22001217a 4500008004100000020001500041050001800056100002000074245006500094260004700159300001900206650003900225120314t xxu||||| |||| 00| 0 eng d a0852975440 aHD2755.5.D535 aClark, John O.E aDictionary of international business terms /cJohn O.E Clark aSpain:bFinancial World Publishing,c2001. a368 p.:c20cm. aInternational business dictionary.